000 00333nam a2200121Ia 4500
008 240624s9999 xx 000 0 und d
041 _aeng
082 _a413 JAI
100 _aJAIN SATISH KUMAR
245 _aINTERNATIONAL WEBSTER S POCKET SPELLING
260 _c2001
_aNew Delhi
_bCBS Publishers & Distributors
300 _a318p. ; 17cm.
999 _c3960
_d3960